00402cam a2200157ua 450000100060000000800390000602000180004504000090006304100080007208200100008010000240009024500510011426000490016530000100021465300200022411236190904n ii |||gr||||Z||||||eng a9788120350724 cMAIN aeng a651.7 aAsha Kaul,eAuthor. aEffective business communicationcBy Asha Kaul aDelhi:bPHI learning private limited,c2017. a235p. aOffice services